LEADER 00781nam a2200229 i 4500 001 991001227249707536 008 s2000 it 000 0 ita d 020 $a2213605424 035 $ab13339758-39ule_inst 040 $aDip. SSC$bita 082 0 $a305.42 100 1 $aChaperon, Sylvie$0622724 245 14$aLes Annèes Beauvoir :$b1945-1970 /$cSylvie Chaperon 260 $aParis :$bFayard,$c2000 300 $aXIV, 430 p. ;$c24 cm 650 4$aFemminismo$ySec. 20. 907 $a.b13339758$b02-04-14$c23-09-05 912 $a991001227249707536 945 $aLE021 SOC24E37$g1$i2021000124204$lle021$nSanzo$o-$pE0.00$q-$rl$s- $t0$u2$v3$w2$x0$y.i14129085$z23-09-05 996 $aAnnèes Beauvoir$91092757 997 $aUNISALENTO 998 $ale021$b23-09-05$cm$d- $e-$fita$git $h4$i0 LEADER 02710oam 2200661 c 450 001 9910365050703321 005 20260302090207.0 010 $a9783847412304 010 $a3847412302 024 3 $a9783847412304 035 $a(CKB)4100000007592030 035 $a(MiAaPQ)EBC5719519 035 $a(Verlag Barbara Budrich)9783847412304 035 $a(MiAaPQ)EBC6378992 035 $a(Au-PeEL)EBL6378992 035 $a(oapen)https://directory.doabooks.org/handle/20.500.12854/26111 035 $a(Perlego)3257394 035 $a(oapen)doab26111 035 $a(EXLCZ)994100000007592030 100 $a20260302h20182019 uy 0 101 0 $ager 135 $aurcnu|||||||| 181 $ctxt$2rdacontent 182 $cc$2rdamedia 183 $acr$2rdacarrier 200 00$aBeratung im Kontext des Lebenslangen Lernens $eKonzepte, Organisation, Politik, Spannungsfelder /$fOlaf Dörner, Carola Iller, Cornelia Maier-Gutheil, Christiane Schiersmann, Ingeborg Schüßler 205 $a1st ed. 210 $aLeverkusen$cVerlag Barbara Budrich$d2018 210 $d2018, c2019 215 $a1 online resource (318 pages) $cillustrations 225 0 $aSchriftenreihe der Sektion Erwachsenenbildung der Deutschen Gesellschaft für Erziehungswissenschaft (DGfE) 311 08$a9783847422044 311 08$a3847422049 330 $aDer Band widmet sich der steigenden Bedeutung von Beratung im Kontext des Lebenslangen Lernens. Die Beiträge gehen dabei den Akteuren, Konzepten und Organisationen von Beratung als Unterstützungsgelegenheit sowie dem strategischen Einsatz von Beratung als politisches Steuerinstrument nach. Beratung wird so als ambivalentes und differenziertes Phänomen moderner Gesellschaften berücksichtigt und auf ihre Bedeutung für die Erwachsenenbildung hin untersucht. 410 0$aSchriftenreihe der Sektion Erwachsenenbildung der Deutschen Gesellschaft Für Erziehungswissenschaft (DGfE) 606 $aWeiterbildung 606 $alebenslanges Lernen 606 $aBeratung 606 $aAssymetrie 606 $aPaternalismus 615 4$aWeiterbildung 615 4$alebenslanges Lernen 615 4$aBeratung 615 4$aAssymetrie 615 4$aPaternalismus 676 $a374 702 $aDörner$b Olaf$cProf. Dr.$4edt 702 $aIller$b Carola$cProf. Dr.$4edt 702 $aMaier-Gutheil$b Cornelia$cProf. Dr.$4edt 702 $aSchiersmann$b Christiane$cProf. Dr.$4edt 702 $aSchüßler$b Ingeborg$cProf. Dr.$4edt 801 0$bMiAaPQ 801 1$bMiAaPQ 801 2$bMiAaPQ 906 $aBOOK 912 $a9910365050703321 996 $aBeratung im Kontext des Lebenslangen Lernens$94413438 997 $aUNINA